01593nam a22002895i 450000100090000000300050000900500170001400800410003101000170007202000180008904000230010704200080013008200180013810000360015624500650019226300090025726400550026630000210032133600260034233700280036833800270039650506720042390600450109594200120114099900190115295201320117120281200NUST20221006110812.0180116s2018 nyu 000 0 eng  a 2018931502 a9789811079641 aDLCbengerdacDLC apcc a537.5344, CHA aParkash Kumar Chaturvedi99924500aMicrowave, radar & RF engineering:b with laboratory manual  a1804 1aNew York, NY :bSpringer Berlin Heidelberg,c2018. axvii, 466: pages atextbtxt2rdacontent aunmediatedbn2rdamedia avolumebnc2rdacarrier aIntroduction to Microwaves (Page-1), Transmission Lines, Waveguides, Strip Lines, and Stub Matching by Smith Chart (Page-19), Microwave Cavity Resonators (Page-81),Microwave Components and Their Scattering Matrices (Page-101),Microwave Tubes as Microwave Source (Oscillators) and Amplifiers (Page-151),Microwave Semiconductors Devices: Oscillators, Amplifiers, and Circuit (Page-193),Microwave Measurement: Instruments and Techniques (Page-271),Microwave Propagation in Space and Microwave Antennas (Page-297),Radar (Page-333),RF Filter Design (Page-355),RF Amplifiers, Oscillator, and Mixers (Page-401),Simple Laboratory Experiments and Laboratory Manual (Page-423). a0bibccorignewd2eepcnf20gy-gencatlg 2ddccBK c591530d591530 00102ddc4070aMCSbMCScREFd2022-10-06o537.5344,CHApMCS38384r2022-10-06w2022-10-06yBKzAlmirah Fresh No.44, Shelf No.6